[Event "GER T178-B11-S email"]
[Site "GER email"]
[Date "2013.09.24"]
[Round "?"]
[White "Wilke, Marc"]
[Black "Fritsche, Frank"]
[Result "0-1"]
[WhiteElo "1766"]
[BlackElo "2172"]
[PlyCount "96"]
[EventDate "2013.10.01"]
[EventType "tourn (corr)"]
[EventRounds "8"]
[EventCountry "GER"]
[SourceTitle "Corr 2015"]
[Source "ChessBase"]
[SourceDate "2015.07.17"]
[SourceVersion "1"]
[SourceVersionDate "2015.07.17"]
[SourceQuality "1"]

1. e4 c6 2. Nc3 d5 3. Qf3 d4 4. Bc4 e6 5. Nce2 c5 6. Qg3 Nc6 7. Nf3 Nb4 8. Bb3 d3 9. c3 Nc6 10. Nf4 h5 11. Nh3 h4 12. Qg5 Qxg5 13. Nhxg5 b5 14. a4 c4 15. axb5 cxb3 16. bxc6 f6 17. Nh3 e5 18. Nfg1 Ne7 19. f3 Ng6 20. Nf2 Nf4 21. g3 hxg3 22. hxg3 Rxh1 23. Nxh1 Ne6 24. Nf2 Nc5 25. Ngh3 Bxh3 26. Nxh3 a5 27. Kf2 a4 28. Ke3 0-0-0 29. f4 exf4+ 30. gxf4 Kc7 31. Nf2 Kxc6 32. f5 Kb5 33. Kf4 Bd6+ 34. Kg4 Bc7 35. Ra3 Rh8 36. Ra1 Rh2 37. Kf3 Rxf2+ 38. Kxf2 Nxe4+ 39. Ke3 Nc5 40. Kd4 Kc6 41. Ke3 Kd5 42. Kf3 Ke5 43. Kg4 Ke4 44. Ra3 Be5 45. Ra1 g6 46. fxg6 f5+ 47. Kh3 Kf3 48. Kh4 Bg7 0-1

[Event "GER OS-224 email"]
[Site "GER email"]
[Date "2013.07.24"]
[Round "?"]
[White "Frenzel, Lothar"]
[Black "Wilke, Marc"]
[Result "1/2-1/2"]
[WhiteElo "1718"]
[BlackElo "1741"]
[PlyCount "63"]
[EventDate "2013.07.26"]
[EventType "tourn (corr)"]
[EventRounds "6"]
[EventCountry "GER"]
[SourceTitle "Corr 2015"]
[Source "ChessBase"]
[SourceDate "2015.07.17"]
[SourceVersion "1"]
[SourceVersionDate "2015.07.17"]
[SourceQuality "1"]

1. e4 c6 2. d4 d5 3. Nc3 dxe4 4. Nxe4 Bf5 5. Ng3 Bg6 6. Nf3 Nd7 7. Bd3 Bxd3 8. Qxd3 e6 9. 0-0 Qc7 10. h3 Ngf6 11. Re1 h6 12. Bd2 Be7 13. c4 a6 14. Rac1 0-0 15. Nf5 exf5 16. Rxe7 Qd8 17. Re3 Ne4 18. Rce1 b5 19. b3 Ndf6 20. Ne5 bxc4 21. bxc4 Qd6 22. c5 Qd5 23. f3 Nxd2 24. Qxd2 Rad8 25. Ra3 Nd7 26. Qc3 Nxe5 27. Rxe5 Qxd4+ 28. Qxd4 Rxd4 29. Rxa6 Rd2 30. a4 Rb8 31. Rb6 Ra8 32. Rb4 1/2-1/2

[Event "GER T162-C22-S email"]
[Site "GER email"]
[Date "2013.01.10"]
[Round "?"]
[White "Offenborn, Heinz"]
[Black "Wilke, Marc"]
[Result "1/2-1/2"]
[WhiteElo "2133"]
[BlackElo "1611"]
[PlyCount "65"]
[EventDate "2013.01.28"]
[EventType "tourn (corr)"]
[EventRounds "8"]
[EventCountry "GER"]
[SourceTitle "Corr 2015"]
[Source "ChessBase"]
[SourceDate "2015.07.17"]
[SourceVersion "1"]
[SourceVersionDate "2015.07.17"]
[SourceQuality "1"]

1. e4 e5 2. d4 exd4 3. Qxd4 Nc6 4. Qe3 Nf6 5. Nc3 Bb4 6. Bd2 0-0 7. 0-0-0 Re8 8. Bc4 d6 9. f3 Ne5 10. Bb3 Bc5 11. Qg5 a5 12. a4 c6 13. Kb1 Qb6 14. Nge2 Be6 15. Bxe6 Rxe6 16. b3 Nc4 17. Bc1 h6 18. Qg3 Rae8 19. Ka2 Ne5 20. Rhf1 Ng6 21. f4 Rxe4 22. Nxe4 Nxe4 23. Qf3 Bb4 24. g3 d5 25. c3 Be7 26. Bb2 Nf8 27. Nd4 Bf6 28. Qd3 Nd7 29. Rfe1 Ndc5 30. Qc2 Kh7 31. Re3 Ne6 32. Nf5 Rd8 33. Rde1 1/2-1/2

[Event "GER T162-C22-S email"]
[Site "GER email"]
[Date "2013.01.10"]
[Round "?"]
[White "Wilke, Marc"]
[Black "Offenborn, Heinz"]
[Result "1-0"]
[WhiteElo "1611"]
[BlackElo "2133"]
[PlyCount "23"]
[EventDate "2013.01.28"]
[EventType "tourn (corr)"]
[EventRounds "8"]
[EventCountry "GER"]
[SourceTitle "Corr 2015"]
[Source "ChessBase"]
[SourceDate "2015.07.17"]
[SourceVersion "1"]
[SourceVersionDate "2015.07.17"]
[SourceQuality "1"]

1. e4 e5 2. d4 exd4 3. Qxd4 Nf6 4. Nc3 Nc6 5. Qd3 Bb4 6. Bg5 h6 7. Bh4 0-0 8. Nge2 d6 9. f4 Bg4 10. a3 Bxe2 11. Bxe2 Qe7 12. axb4 1-0

[Event "GER OS-207 email"]
[Site "GER email"]
[Date "2012.12.25"]
[Round "?"]
[White "Fischer, Bastian"]
[Black "Wilke, Marc"]
[Result "1/2-1/2"]
[WhiteElo "1569"]
[BlackElo "1611"]
[PlyCount "34"]
[EventDate "2013.01.02"]
[EventType "tourn (corr)"]
[EventRounds "6"]
[EventCountry "GER"]
[SourceTitle "Corr 2015"]
[Source "ChessBase"]
[SourceDate "2015.07.17"]
[SourceVersion "1"]
[SourceVersionDate "2015.07.17"]
[SourceQuality "1"]

1. e4 c6 2. d4 d5 3. exd5 cxd5 4. Bd3 Nc6 5. c3 Qc7 6. h3 Nf6 7. Nf3 g6 8. 0-0 Bf5 9. Bxf5 gxf5 10. Qe2 e6 11. Be3 Rg8 12. c4 dxc4 13. Rc1 a6 14. Rxc4 Bd6 15. a4 Nd5 16. a5 Qd8 17. Bd2 Bf4 1/2-1/2

[Event "GER OS-207 email"]
[Site "GER email"]
[Date "2012.12.25"]
[Round "?"]
[White "Wilke, Marc"]
[Black "Pibernik, Dario"]
[Result "1-0"]
[WhiteElo "1611"]
[BlackElo "1377"]
[PlyCount "47"]
[EventDate "2013.01.02"]
[EventType "tourn (corr)"]
[EventRounds "6"]
[EventCountry "GER"]
[SourceTitle "Corr 2015"]
[Source "ChessBase"]
[SourceDate "2015.07.17"]
[SourceVersion "1"]
[SourceVersionDate "2015.07.17"]
[SourceQuality "1"]

1. e4 c5 2. c3 d5 3. exd5 Qxd5 4. d4 cxd4 5. cxd4 e6 6. Nc3 Bb4 7. Nf3 Nc6 8. a3 Qa5 9. axb4 Qxa1 10. d5 Nxb4 11. Bb5+ Kf8 12. dxe6 Bxe6 13. Qd6+ Ne7 14. 0-0 Nbc6 15. Bxc6 Qa6 16. Nd4 bxc6 17. Ncb5 Rc8 18. Nxe6+ fxe6 19. Bg5 Qb7 20. Qxe6 cxb5 21. Bxe7+ Qxe7 22. Qxc8+ Qe8 23. Rc1 h5 24. Qxe8+ 1-0

[Event "GER OS-194 email"]
[Site "GER email"]
[Date "2012.07.18"]
[Round "?"]
[White "Wilke, Marc"]
[Black "Hartwich, Andreas"]
[Result "1/2-1/2"]
[WhiteElo "1568"]
[BlackElo "1891"]
[PlyCount "49"]
[EventDate "2012.07.23"]
[EventType "tourn (corr)"]
[EventRounds "6"]
[EventCountry "GER"]
[SourceTitle "Corr 2015"]
[Source "ChessBase"]
[SourceDate "2015.07.17"]
[SourceVersion "1"]
[SourceVersionDate "2015.07.17"]
[SourceQuality "1"]

1. e4 e6 2. d4 d5 3. Nd2 c5 4. Ngf3 Nc6 5. exd5 exd5 6. Bb5 Bd6 7. 0-0 Nge7 8. dxc5 Bxc5 9. Nb3 Bd6 10. h3 0-0 11. c3 h6 12. Re1 Nf5 13. Bd3 Qf6 14. Bc2 Rd8 15. Qd3 g6 16. Bd2 Bf8 17. Rad1 a5 18. a4 b6 19. Bc1 Ba6 20. Qd2 d4 21. Bxf5 dxc3 22. Qxc3 Qxc3 23. bxc3 gxf5 24. Nbd4 Nxd4 25. Nxd4 1/2-1/2

[Event "GER T145-B06-S email"]
[Site "GER email"]
[Date "2012.02.21"]
[Round "?"]
[White "Wilke, Marc"]
[Black "Kleinhenz, Andreas"]
[Result "1-0"]
[WhiteElo "1568"]
[BlackElo "1541"]
[PlyCount "41"]
[EventDate "2012.02.28"]
[EventType "tourn (corr)"]
[EventRounds "6"]
[EventCountry "GER"]
[SourceTitle "Corr 2015"]
[Source "ChessBase"]
[SourceDate "2015.07.17"]
[SourceVersion "1"]
[SourceVersionDate "2015.07.17"]
[SourceQuality "1"]

1. e4 g6 2. d4 Bg7 3. c3 d6 4. f4 Nf6 5. e5 dxe5 6. fxe5 Nd5 7. Nf3 0-0 8. Bc4 c6 9. 0-0 b6 10. Bb3 Bb7 11. c4 Nc7 12. Nc3 Nd7 13. Qe1 a5 14. Bd2 b5 15. cxb5 cxb5 16. Ng5 e6 17. Nce4 a4 18. Bc2 Nxe5 19. dxe5 Bxe5 20. Rd1 f5 21. Bb4 1-0

[Event "GER T143-E77-S email"]
[Site "GER email"]
[Date "2012.02.05"]
[Round "?"]
[White "Wilke, Marc"]
[Black "Krebs, Juergen"]
[Result "0-1"]
[WhiteElo "1568"]
[BlackElo "2036"]
[PlyCount "38"]
[EventDate "2012.02.10"]
[EventType "tourn (corr)"]
[EventRounds "8"]
[EventCountry "GER"]
[SourceTitle "Corr 2015"]
[Source "ChessBase"]
[SourceDate "2015.07.17"]
[SourceVersion "1"]
[SourceVersionDate "2015.07.17"]
[SourceQuality "1"]

1. d4 Nf6 2. c4 g6 3. Nc3 Bg7 4. e4 d6 5. f4 0-0 6. Be2 c5 7. d5 e6 8. Nf3 exd5 9. cxd5 Bg4 10. Qb3 Re8 11. h3 Bxf3 12. gxf3 Nh5 13. Qxb7 Nd7 14. Bb5 Qh4+ 15. Kd1 c4 16. Be3 Qg3 17. Rf1 Qg2 18. Bxc4 Reb8 19. Rf2 Qg1+ 0-1